| 000 | 00521nmm a2200169Ia 4500 | ||
|---|---|---|---|
| 008 | 251105s9999||||xx |||||||||||||||||und|| | ||
| 020 | _a9789586486439 | ||
| 041 | _aspa | ||
| 100 | _aZimmermann, Marcel | ||
| 245 | 0 | _aPsicología ambiental : calidad de vida y desarrollo sostenible | |
| 264 |
_a[Bogotá, Colombia] : _bEcoe Ediciones, _c2010 |
||
| 300 | _a200 páginas | ||
| 490 | _aCiencias naturales | ||
| 650 | _aEnvironmental Sciences | ||
| 856 | _uhttps://public.digitaliapublishing.com/a/30034 | ||
| 942 | _cCF | ||
| 999 |
_c95295 _d95295 |
||